Welcome to the Holygrace Academy Library

Please use search bar below to get started

BASHEER PHALITHANGAL (Record no. 1546)

MARC details
000 -LEADER
fixed length control field 00393nam a22001577a 4500
020 ## - INTERNATIONAL STANDARD BOOK NUMBER
ISBN 978-93-85269-78-3
082 ## - DEWEY DECIMAL CLASSIFICATION NUMBER
Classification number 894-812
Item number BAS/B
100 ## - MAIN ENTRY--AUTHOR NAME
Personal name THARUVANA, ASEEZ
245 ## - TITLE STATEMENT
Title BASHEER PHALITHANGAL
Remainder of title COMEDY
246 ## - VARYING FORM OF TITLE
Title proper/short title BASHEER PHALITHANGAL
Remainder of title COMEDY
260 ## - PUBLICATION, DISTRIBUTION, ETC. (IMPRINT)
Place of publication KOZHIKODE
Name of publisher OLIVE PUBLICATIONS
Year of publication 2004
300 ## - PHYSICAL DESCRIPTION
Number of Pages 88
520 ## - SUMMARY, ETC.
Summary, etc BASHEER- JOKES
650 ## - SUBJECT ADDED ENTRY--TOPICAL TERM
Topical Term BASHEER- JOKES
942 ## - ADDED ENTRY ELEMENTS (KOHA)
Koha item type Books
Holdings
Withdrawn status Lost status Collection code Home library Current library Shelving location Date acquired Source of acquisition Cost, normal purchase price Full call number Accession Number Koha item type
    Reference Main Library Main Library SHELF 6 B MALAYALAM QUIZ,RIDDLES,HUMOUR,PAZHAMCHOLLUKAL 08/11/2016 Purchase 80.00 894-812 BAS/B 09884 Books